000 00807cam a22001814a 4500
005 20250605163237.0
008 250528s ||||||||||||||||||||||||d
035 _a15208
020 _a751700177
040 _aGR-AtMCL
_bgre
_dGR-AtMCL
_eAACR2
245 1 _aACCA Study Text / Professional Paper 14: Financial Strategy
260 _bBpp Publishing,
_c1993
300 _a488
520 _aThis book has been fully updated to reflect developments in the examination and in the subjects covered by the syllabus. Preface, Introduction, The Nature and Scope of Financial Strategy, Investment Decisions and Capital Structure, Business Planning, The International Environment, International Operations, Appendix: Mathematical Tables and Formulae, Index.
942 _cBK
999 _c802
_d802